Sports Quiz

Random Sports or College Quiz

College Name Abbreviations Quiz Stats

 Plays Quiz not verified by Sporcle

Score 0/31 Timer 07:00
0 Plays Today
Conference What it Stands for... % Correct
ACCFlorida State
91.2%
BIG 10Ohio State
89.3%
BIG 10Penn State
87.7%
SECLouisiana State
87.7%
ACCNorth Carolina
87.2%
PAC 12Arizona State
86.2%
BIG 10Michigan State
86%
IndependentBrigham Young
86%
MWCTexas Christian
85.6%
MWCSan Diego State
85.2%
BIG 12Oklahoma State
85.2%
PAC 12Southern California
85.2%
PAC 12Washington State
83.7%
SECSouth Carolina
83.7%
SummitNorth Dakota State
83.3%
PAC 12Oregon State
83.1%
Conference What it Stands for... % Correct
MWCNevada Las Vegas
81.5%
WACSan Jose State
81.3%
WACNew Mexico State
81.3%
CUSASouthern Methodist
78.8%
MACBowling Green State
78.6%
PAC 12California Los Angeles
78.6%
SECMississippi State
77.4%
CUSAAlabama Birmingham
74.9%
CUSATexas El Paso
74.1%
Sun BeltMiddle Tennessee State
61.7%
WACUtah State
60.5%
Sun BeltArkansas State
60.3%
WACFresno State
57.2%
SouthlandStephen F. Austin State
46.9%
SummitIndiana University Purdue University Indianapolis
39.3%

You're not logged in!

Compare scores with friends on all Sporcle quizzes.
OR
Log In

Show Comments

Extras

Top Quizzes Today


Score Distribution

Your Account Isn't Verified!

In order to create a playlist on Sporcle, you need to verify the email address you used during registration. Go to your Sporcle Settings to finish the process.

Report this User

Report this user for behavior that violates our Community Guidelines.

Details: